La villa de Albacete en la Baja Edad Media / (Record no. 181288)

MARC details
000 -LEADER
campo de control de longitud fija 00964nam a2200253 i 4500
001 - NÚMERO DE CONTROL
campo de control 181288
003 - IDENTIFICADOR DE NÚMERO DE CONTROL
campo de control ES-MaACL
005 - FECHA Y HORA DE LA ÚLTIMA TRANSACCIÓN
campo de control 20240516063108.0
008 - DATOS DE LONGITUD FIJA--INFORMACIÓN GENERAL
campo de control de longitud fija 121205s2010 sp a | |||||||| | spa d
020 ## - NÚMERO INTERNACIONAL ESTÁNDAR DEL LIBRO
Número Internacional Estándar del Libro 978-84-96800-47-2
080 ## - NÚMERO DE LA CLASIFICACIÓN DECIMAL UNIVERSAL
Número de la Clasificación Decimal Universal 94(460.288 A.)"14/15"
100 1# - ENTRADA PRINCIPAL--NOMBRE DE PERSONA
Nombre de persona Pretel Marín, Aurelio,
Fechas asociadas al nombre 1950-
9 (RLIN) 93800
245 13 - MENCIÓN DEL TÍTULO
Título La villa de Albacete en la Baja Edad Media /
Mención de responsabilidad, etc. Aurelio Pretel Marín.
260 ## - PUBLICACIÓN, DISTRIBUCIÓN, ETC.
Lugar de publicación, distribución, etc. Albacete :
Nombre del editor, distribuidor, etc. Instituto de Estudios Albacetenses "Don Juan Manuel" de la Diputación de Albacete,
Fecha de publicación, distribución, etc. 2010.
300 ## - DESCRIPCIÓN FÍSICA
Extensión 407 p. :
Otras características físicas il. col. y n., mapa ;
Dimensiones 24 cm.
490 1# - MENCIÓN DE SERIE
Mención de serie Serie I, Estudios ;
Designación de volumen o secuencia n. 194
504 ## - NOTA DE BIBLIOGRAFÍA, ETC.
Nota de bibliografía, etc. Bibliografía: p. [397]-407.
586 8# - NOTA DE PREMIOS
Nota de premios Premio de Historia de Albacete, 2009
651 #4 - PUNTO DE ACCESO ADICIONAL DE MATERIA--NOMBRE GEOGRÁFICO
Nombre geográfico Albacete-
Subdivisión general Historia-
Subdivisión cronológica S.XV.
9 (RLIN) 151906
830 0# - PUNTO DE ACCESO ADICIONAL DE SERIE-TÍTULO UNIFORME
Título uniforme Serie I, Estudios ;
Designación de volumen o secuencia n. 194
9 (RLIN) 236391
852 ## - LOCALIZACIÓN
Ubicación ES-MaACL
Número de control de estantería A-12334
itemnumber 188172
Sublocalización o colección R.146651
Ubicación en estantería Depósito 1
Signatura antigua Olim: N-5339
942 ## - ELEMENTOS DE ENTRADA SECUNDARIOS (KOHA)
Fuente del sistema de clasificación o colocación Clasificación decimal universal
Tipo de ítem Koha Libro impreso
Holdings
Estatus retirado Estado de pérdida Fuente del sistema de clasificación o colocación Estado de daño No para préstamo Biblioteca de origen Biblioteca actual Ubicación en estantería Fecha de adquisición Fuente de adquisición Total de préstamos Signatura topográfica completa Código de barras Visto por última vez Precio de reemplazo Tipo de ítem Koha
    Clasificación decimal universal     Biblioteca del Ateneo de Madrid Biblioteca del Ateneo de Madrid Depósito 1 05/12/2012 Donación   A-12334 1190511 23/02/2023 23/02/2023 Libro impreso